00537nam a2200205 a 4500001001300000003000900013005001700022008004100039020002300080082001600103100002200119245002700141260005500168300000900223500003500232505001000267650002100277650001100298700002200309nice12345678IN_TiNIC20260116013202.0050524s1989 newa grp 000 0 eng  a0887068855 c87500a297.4bCHI3 aChittick, William aSufi Path of Knowledge aNew YorkbState University of New York Pressc1989 a478p aincludes index and biblioraphy2 aIndex aSufism-Ibn Arabi aSufism1 aChittick, William